[Event "Holguin Province-ch final"]
[Site "Holguin"]
[Date "2018.09.12"]
[Round "3"]
[White "Cespedes Bejerano, Jose Angel"]
[Black "Alvarez Perez, Jose"]
[Result "0-1"]
[WhiteElo "2080"]
[BlackElo "2362"]
[PlyCount "70"]
[EventDate "2018.09.11"]
[EventType "tourn"]
[EventRounds "10"]
[EventCountry "CUB"]
[SourceTitle "EXT 2021"]
[Source "ChessBase"]
[SourceDate "2020.10.23"]
[SourceVersion "1"]
[SourceVersionDate "2020.10.23"]
[SourceQuality "1"]

1. e4 c5 2. c3 d5 3. exd5 Qxd5 4. d4 Nf6 5. Nf3 e6 6. Be2 Nc6 7. 0-0 cxd4 8. cxd4 Be7 9. Nc3 Qd6 10. h3 0-0 11. Be3 Rd8 12. a3 b6 13. Qb3 Bb7 14. Rfd1 Rac8 15. Rac1 Na5 16. Qa4 Bc6 17. Nb5 Qd5 18. b4 a6 19. Rxc6 axb5 20. Rxc8 bxa4 21. Rxd8+ Qxd8 22. bxa5 bxa5 23. Bb5 Bxa3 24. Bxa4 Nd5 25. Rd3 Bd6 26. Bd2 Qc7 27. Bb3 a4 28. Bxd5 exd5 29. Rc3 Qb7 30. Bc1 f6 31. g3 Bb4 32. Re3 Qc8 33. Bd2 Bxd2 34. Nxd2 Qc1+ 35. Nf1 Kf7 0-1

[Event "Capablanca Memorial op 43rd"]
[Site "Havana"]
[Date "2008.05.09"]
[Round "2"]
[White "Alvarez Perez, Jose"]
[Black "Otero Acosta, Diasmany"]
[Result "1/2-1/2"]
[WhiteElo "2394"]
[BlackElo "2442"]
[PlyCount "33"]
[EventDate "2008.05.08"]
[EventType "swiss"]
[EventRounds "10"]
[EventCountry "CUB"]
[SourceTitle "CBM 124 Extra"]
[Source "ChessBase"]
[SourceDate "2008.07.03"]
[SourceVersion "1"]
[SourceVersionDate "2008.07.03"]
[SourceQuality "1"]

1. Nf3 d5 2. g3 Bg4 3. Bg2 c6 4. b3 Nd7 5. Bb2 Ngf6 6. d3 e6 7. 0-0 Bd6 8. c4 h5 9. cxd5 cxd5 10. Nc3 h4 11. Nb5 Bb8 12. Ba3 Ne5 13. Rc1 Nc6 14. Nbd4 Nxd4 15. Nxd4 e5 16. Nf3 hxg3 17. hxg3 1/2-1/2

[Event "CUB-ch"]
[Site "Santa Clara"]
[Date "2008.01.16"]
[Round "9"]
[White "Delgado Ramos, Hector"]
[Black "Alvarez Perez, Jose"]
[Result "1/2-1/2"]
[WhiteElo "2342"]
[BlackElo "2384"]
[PlyCount "21"]
[EventDate "2008.01.08"]
[EventType "swiss"]
[EventRounds "9"]
[EventCountry "CUB"]
[SourceTitle "EXT 2009"]
[Source "ChessBase"]
[SourceDate "2008.11.26"]
[SourceVersion "1"]
[SourceVersionDate "2008.11.26"]
[SourceQuality "1"]

1. e4 e6 2. d4 d5 3. exd5 exd5 4. Nf3 Nf6 5. Bd3 Bd6 6. 0-0 0-0 7. Bg5 h6 8. Bh4 Bg4 9. h3 Bh5 10. c3 c6 11. Re1 1/2-1/2

[Event "CUB-ch"]
[Site "Santa Clara"]
[Date "2008.01.14"]
[Round "7"]
[White "Gongora Reyes, Maikel"]
[Black "Alvarez Perez, Jose"]
[Result "1/2-1/2"]
[WhiteElo "2416"]
[BlackElo "2384"]
[PlyCount "51"]
[EventDate "2008.01.08"]
[EventType "swiss"]
[EventRounds "9"]
[EventCountry "CUB"]
[SourceTitle "EXT 2009"]
[Source "ChessBase"]
[SourceDate "2008.11.26"]
[SourceVersion "1"]
[SourceVersionDate "2008.11.26"]
[SourceQuality "1"]

1. d4 Nf6 2. c4 e6 3. Nf3 Bb4+ 4. Nbd2 d5 5. a3 Be7 6. Qc2 0-0 7. e4 dxe4 8. Nxe4 Nxe4 9. Qxe4 Nd7 10. Bd3 Nf6 11. Qh4 Re8 12. Be3 b6 13. 0-0-0 Bb7 14. Ne5 g6 15. Qf4 Rf8 16. Qh6 b5 17. cxb5 Nd5 18. h4 Bf6 19. Bg5 Bg7 20. Bxd8 Bxh6+ 21. Bg5 Bg7 22. Bd2 Rfd8 23. Be4 a6 24. Nc6 Bxc6 25. bxc6 Rd6 26. Bxd5 1/2-1/2

[Event "Capablanca Memorial Premier I 37th"]
[Site "Havana"]
[Date "2002.05.12"]
[Round "6"]
[White "Alvarez Perez, Jose"]
[Black "Gonzalez Vidal, Yuri"]
[Result "1/2-1/2"]
[WhiteElo "2403"]
[BlackElo "2444"]
[PlyCount "23"]
[EventDate "2002.05.06"]
[EventType "tourn"]
[EventRounds "11"]
[EventCountry "CUB"]
[EventCategory "9"]
[SourceTitle "CBM 088 Extra"]
[Source "ChessBase"]
[SourceDate "2002.07.01"]
[SourceVersion "2"]
[SourceVersionDate "2002.07.01"]
[SourceQuality "1"]

1. Nf3 c5 2. g3 Nc6 3. c4 g6 4. Bg2 Bg7 5. 0-0 e5 6. Nc3 Nge7 7. a3 0-0 8. Ne1 a5 9. d3 d6 10. Nc2 Be6 11. Rb1 Rb8 12. Bg5 1/2-1/2

[Event "Capablanca Memorial Premier I 37th"]
[Site "Havana"]
[Date "2002.05.10"]
[Round "5"]
[White "Vassallo Barroche, Mauricio"]
[Black "Alvarez Perez, Jose"]
[Result "1-0"]
[WhiteElo "2438"]
[BlackElo "2403"]
[PlyCount "165"]
[EventDate "2002.05.06"]
[EventType "tourn"]
[EventRounds "11"]
[EventCountry "CUB"]
[EventCategory "9"]
[SourceTitle "CBM 088 Extra"]
[Source "ChessBase"]
[SourceDate "2002.07.01"]
[SourceVersion "2"]
[SourceVersionDate "2002.07.01"]
[SourceQuality "1"]

1. d4 Nf6 2. Nf3 e6 3. Bg5 c5 4. e3 h6 5. Bh4 b6 6. Nbd2 cxd4 7. exd4 Be7 8. c3 Bb7 9. Bg3 0-0 10. a4 a6 11. Nc4 d6 12. Nfd2 Qc7 13. Ne3 Nbd7 14. Bd3 Bc6 15. 0-0 b5 16. axb5 axb5 17. Qe2 Qb7 18. f3 Rfe8 19. Rxa8 Qxa8 20. Bxb5 Bxb5 21. Qxb5 Rb8 22. Qd3 Nh5 23. b3 Nxg3 24. hxg3 Qa5 25. Rb1 d5 26. Ndf1 Qa3 27. Qc2 Rc8 28. c4 Bf6 29. Qd2 Rb8 30. cxd5 Rxb3 31. Rxb3 Qxb3 32. dxe6 fxe6 33. Ng4 Bd8 34. Kh2 Bb6 35. Nfe3 h5 36. Nf2 Nf6 37. Ne4 Nd5 38. Nc2 Qc4 39. f4 Ne7 40. Ng5 Nf5 41. Nf3 Nh6 42. Ne3 Qb3 43. Ne5 Bc7 44. Qd3 Qxd3 45. Nxd3 Bb6 46. Nc5 Kf7 47. Nc4 Bc7 48. Ne5+ Kf6 49. Kh3 Kf5 50. Nf3 Bd8 51. Nh4+ Bxh4 52. gxh4 Kf6 53. Ne4+ Ke7 54. Ng3 g6 55. Ne2 Kd6 56. Ng1 Kd5 57. Nf3 Nf5 58. g4 Ne7 59. Ng5 Nc6 60. Nh7 Kxd4 61. Nf8 e5 62. Nxg6 exf4 63. Nxf4 hxg4+ 64. Kxg4 Ke5 65. Kg5 Ne7 66. h5 Nf5 67. Nd3+ Ke6 68. Nc5+ Ke5 69. Nd7+ Ke6 70. Nc5+ Ke5 71. Kg6 Ne7+ 72. Kf7 Nf5 73. Nd3+ Kd6 74. Kf6 Nh6 75. Nf2 Kd5 76. Kg6 Ng8 77. Ng4 Ke6 78. Kg7 Ne7 79. Ne3 Nc6 80. h6 Ne5 81. h7 Nf7 82. Nd5 Nh8 83. Nf4+ 1-0

[Event "Capablanca Memorial Premier I 37th"]
[Site "Havana"]
[Date "2002.05.06"]
[Round "1"]
[White "Garcia Martinez, Silvino"]
[Black "Alvarez Perez, Jose"]
[Result "1/2-1/2"]
[WhiteElo "2395"]
[BlackElo "2403"]
[PlyCount "48"]
[EventDate "2002.05.06"]
[EventType "tourn"]
[EventRounds "11"]
[EventCountry "CUB"]
[EventCategory "9"]
[SourceTitle "CBM 088 Extra"]
[Source "ChessBase"]
[SourceDate "2002.07.01"]
[SourceVersion "2"]
[SourceVersionDate "2002.07.01"]
[SourceQuality "1"]

1. e4 c5 2. Nf3 Nc6 3. d4 cxd4 4. Nxd4 Qb6 5. Nb3 Nf6 6. Nc3 e6 7. Bd3 d6 8. 0-0 a6 9. Qe2 Be7 10. Bg5 0-0 11. Rae1 Qc7 12. f4 h6 13. Bh4 Re8 14. e5 Nd7 15. Bg3 b5 16. exd6 Bxd6 17. Ne4 Bf8 18. f5 e5 19. c3 Bb7 20. f6 g6 21. h4 Nd8 22. h5 g5 23. Bb1 Ne6 24. Qc2 Nf4 1/2-1/2

[Event "CUB-ch"]
[Site "Holguin"]
[Date "2002.04.16"]
[Round "14"]
[White "De la Paz Perdomo, Frank"]
[Black "Alvarez Perez, Jose"]
[Result "1/2-1/2"]
[WhiteElo "2427"]
[BlackElo "2403"]
[PlyCount "42"]
[EventDate "2002.03.31"]
[EventType "tourn"]
[EventRounds "17"]
[EventCountry "CUB"]
[EventCategory "9"]
[SourceTitle "CBM 089"]
[Source "ChessBase"]
[SourceDate "2002.08.12"]
[SourceVersion "1"]
[SourceVersionDate "2002.08.12"]
[SourceQuality "1"]

1. e4 d6 2. d4 Nf6 3. Nc3 Nbd7 4. Nf3 e5 5. Bc4 Be7 6. 0-0 0-0 7. Re1 c6 8. a4 b6 9. b3 a6 10. Bb2 Bb7 11. Qd2 b5 12. Bd3 Re8 13. Rad1 Qc7 14. Ne2 Bf8 15. Ng3 g6 16. h4 Bg7 17. h5 Ng4 18. Bf1 Nf8 19. hxg6 hxg6 20. Nh2 Nxh2 21. Kxh2 Ne6 1/2-1/2

[Event "CUB-ch"]
[Site "Holguin"]
[Date "2002.04.14"]
[Round "13"]
[White "Alvarez Perez, Jose"]
[Black "Vazquez Igarza, Renier"]
[Result "1/2-1/2"]
[WhiteElo "2403"]
[BlackElo "2442"]
[PlyCount "20"]
[EventDate "2002.03.31"]
[EventType "tourn"]
[EventRounds "17"]
[EventCountry "CUB"]
[EventCategory "9"]
[SourceTitle "CBM 089"]
[Source "ChessBase"]
[SourceDate "2002.08.12"]
[SourceVersion "1"]
[SourceVersionDate "2002.08.12"]
[SourceQuality "1"]

1. e4 e5 2. Nf3 Nf6 3. Nxe5 d6 4. Nf3 Nxe4 5. d3 Nf6 6. Be2 Be7 7. 0-0 0-0 8. Nc3 Nc6 9. d4 d5 10. Be3 Be6 1/2-1/2

[Event "CUB-ch"]
[Site "Holguin"]
[Date "2002.04.12"]
[Round "11"]
[White "Alvarez Perez, Jose"]
[Black "Gongora Reyes, Maikel"]
[Result "0-1"]
[WhiteElo "2403"]
[BlackElo "2408"]
[PlyCount "116"]
[EventDate "2002.03.31"]
[EventType "tourn"]
[EventRounds "17"]
[EventCountry "CUB"]
[EventCategory "9"]
[SourceTitle "CBM 089"]
[Source "ChessBase"]
[SourceDate "2002.08.12"]
[SourceVersion "1"]
[SourceVersionDate "2002.08.12"]
[SourceQuality "1"]

1. Nf3 d5 2. g3 Nf6 3. Bg2 e6 4. d3 Be7 5. Nbd2 c5 6. e4 Nc6 7. 0-0 0-0 8. Re1 b5 9. e5 Nd7 10. Nf1 b4 11. h4 a5 12. Bf4 Ba6 13. N1h2 a4 14. a3 bxa3 15. bxa3 Rc8 16. h5 Re8 17. h6 g6 18. Ra2 Qb6 19. Qd2 Qa5 20. Qc1 Nd4 21. Bd2 Nxf3+ 22. Nxf3 Qc7 23. Bg5 Bf8 24. c4 d4 25. Qf4 Rb8 26. Nd2 Rb6 27. Ne4 Reb8 28. Rae2 Bb7 29. Nd6 Rxd6 30. exd6 Bxd6 31. Qh4 Bxg2 32. Kxg2 Qc6+ 33. Kh2 Qf3 34. Be7 Bc7 35. Qe4 Qxe4 36. Rxe4 Rb3 37. Rd1 Ba5 38. Re2 Bc3 39. Ra2 f6 40. f4 Kf7 41. Bd6 Rb6 42. Bc7 Rc6 43. Rb1 Rxc7 44. Rb5 Ke7 45. Re2 Kd6 46. Kh3 e5 47. Kg4 Kc6 48. f5 g5 49. Kf3 Rb7 50. Rxb7 Kxb7 51. Rh2 Nb6 52. Rh1 Bb2 53. Rb1 Bxa3 54. Ke2 Bb4 55. Kd1 a3 56. Kc2 Na4 57. Kb3 Nb2 58. Kc2 Kc6 0-1

[Event "CUB-ch"]
[Site "Holguin"]
[Date "2002.04.02"]
[Round "3"]
[White "Nogueiras Santiago, Jesus"]
[Black "Alvarez Perez, Jose"]
[Result "1-0"]
[WhiteElo "2521"]
[BlackElo "2403"]
[PlyCount "47"]
[EventDate "2002.03.31"]
[EventType "tourn"]
[EventRounds "17"]
[EventCountry "CUB"]
[EventCategory "9"]
[SourceTitle "CBM 089"]
[Source "ChessBase"]
[SourceDate "2002.08.12"]
[SourceVersion "1"]
[SourceVersionDate "2002.08.12"]
[SourceQuality "1"]

1. c4 c5 2. Nf3 g6 3. d4 cxd4 4. Nxd4 Nc6 5. Nc2 Bg7 6. e4 d6 7. Be2 Nf6 8. Nc3 Nd7 9. Bd2 0-0 10. 0-0 Nc5 11. b4 Ne6 12. Rc1 Ned4 13. Nxd4 Nxd4 14. Be3 Nxe2+ 15. Qxe2 f5 16. exf5 Rxf5 17. Rfd1 Bxc3 18. Rxc3 a5 19. b5 b6 20. h4 Qc7 21. Bh6 Re5 22. Re3 Be6 23. Qb2 Bxc4 24. f4 1-0

[Event "CUB-ch"]
[Site "Holguin"]
[Date "2002.03.31"]
[Round "1"]
[White "Arencibia Rodriguez, Walter"]
[Black "Alvarez Perez, Jose"]
[Result "1-0"]
[WhiteElo "2542"]
[BlackElo "2403"]
[PlyCount "79"]
[EventDate "2002.03.31"]
[EventType "tourn"]
[EventRounds "17"]
[EventCountry "CUB"]
[EventCategory "9"]
[SourceTitle "CBM 089"]
[Source "ChessBase"]
[SourceDate "2002.08.12"]
[SourceVersion "1"]
[SourceVersionDate "2002.08.12"]
[SourceQuality "1"]

1. d4 Nf6 2. c4 e6 3. Nc3 d5 4. Bg5 Nbd7 5. cxd5 exd5 6. e3 Bb4 7. Bd3 c5 8. Nge2 c4 9. Bc2 h6 10. Bh4 Nb6 11. 0-0 Qe7 12. a4 a5 13. Bxf6 Qxf6 14. Nf4 Bxc3 15. bxc3 0-0 16. Qf3 Rd8 17. Rfb1 Ra6 18. e4 g5 19. Nh5 Qxf3 20. gxf3 Kf8 21. e5 Bd7 22. h4 Rb8 23. hxg5 hxg5 24. Nf6 Bc6 25. Nh7+ Ke7 26. Nxg5 Rg8 27. f4 f6 28. exf6+ Kxf6 29. Kg2 Bd7 30. Kf3 Rh8 31. Nh7+ Kf7 32. Rh1 Ke7 33. f5 Be8 34. f6+ Kd8 35. Ng5 Rxh1 36. Ne6+ Kc8 37. Rxh1 Nd7 38. Bf5 Kb8 39. Rh8 Nxf6 40. Ng7 1-0

[Event "Medellin"]
[Site "Medellin"]
[Date "2000.10.08"]
[Round "13"]
[White "Rios Parra, Alejandro"]
[Black "Alvarez Perez, Jose"]
[Result "1-0"]
[WhiteElo "2328"]
[BlackElo "2402"]
[PlyCount "79"]
[EventDate "2000.09.26"]
[EventType "tourn"]
[EventRounds "14"]
[EventCountry "COL"]
[EventCategory "6"]
[SourceTitle "CBM 078 Extra"]
[Source "ChessBase"]
[SourceDate "2000.11.10"]
[SourceVersion "1"]
[SourceVersionDate "2000.11.10"]
[SourceQuality "1"]

1. e4 e6 2. d4 b6 3. Nc3 Bb7 4. Bd3 Bb4 5. Nge2 d5 6. 0-0 Ne7 7. e5 c5 8. a3 Bxc3 9. Nxc3 Ba6 10. Bb5+ Bxb5 11. Nxb5 0-0 12. Bg5 Nbc6 13. Qg4 Qd7 14. c3 Kh8 15. Bxe7 Qxe7 16. Rad1 Rac8 17. f4 f5 18. Qh5 g6 19. Qe2 c4 20. Rf3 Nd8 21. Nd6 Rc7 22. Rh3 Nf7 23. Re1 Rc6 24. Nxf7+ Rxf7 25. Qf2 Rc8 26. Ree3 Rg8 27. Reg3 Kg7 28. Rg5 Kf8 29. Qh4 Ke8 30. Qh6 Qf8 31. Qh4 Kd7 32. Rgg3 Kc6 33. Re3 b5 34. Kf1 Qe7 35. Qxe7 Rxe7 36. Rh6 Kb6 37. Ke1 Ka5 38. Kd1 Ka4 39. Kc2 a5 40. h4 1-0

[Event "Medellin"]
[Site "Medellin"]
[Date "2000.10.07"]
[Round "12"]
[White "Alvarez Perez, Jose"]
[Black "Rios Parra, Mauricio Flores"]
[Result "1/2-1/2"]
[WhiteElo "2402"]
[BlackElo "2328"]
[PlyCount "51"]
[EventDate "2000.09.26"]
[EventType "tourn"]
[EventRounds "14"]
[EventCountry "COL"]
[EventCategory "6"]
[SourceTitle "CBM 078 Extra"]
[Source "ChessBase"]
[SourceDate "2000.11.10"]
[SourceVersion "1"]
[SourceVersionDate "2000.11.10"]
[SourceQuality "1"]

1. d4 Nf6 2. c4 g6 3. Nc3 Bg7 4. e4 d6 5. Nf3 0-0 6. h3 e5 7. d5 c6 8. Be2 cxd5 9. cxd5 a6 10. Bg5 h6 11. Be3 b5 12. a3 Nbd7 13. 0-0 Bb7 14. Nd2 Rc8 15. Rc1 Kh7 16. Kh1 Rc7 17. Bf3 Qb8 18. Nb3 Ba8 19. Na5 Rfc8 20. Qe2 Bf8 21. Na2 Rxc1 22. Rxc1 Rxc1+ 23. Nxc1 Qc7 24. b4 Nb6 25. Qd2 Na4 26. Ne2 1/2-1/2

[Event "Medellin"]
[Site "Medellin"]
[Date "2000.10.03"]
[Round "8"]
[White "Alvarez Perez, Jose"]
[Black "Gamboa, Nelson"]
[Result "1/2-1/2"]
[WhiteElo "2402"]
[BlackElo "2351"]
[PlyCount "99"]
[EventDate "2000.09.26"]
[EventType "tourn"]
[EventRounds "14"]
[EventCountry "COL"]
[EventCategory "6"]
[SourceTitle "CBM 078 Extra"]
[Source "ChessBase"]
[SourceDate "2000.11.10"]
[SourceVersion "1"]
[SourceVersionDate "2000.11.10"]
[SourceQuality "1"]

1. d4 Nf6 2. c4 c5 3. d5 b5 4. Nf3 g6 5. cxb5 a6 6. b6 d6 7. Nc3 Bg7 8. a4 Qxb6 9. Nd2 0-0 10. e4 Nbd7 11. a5 Qc7 12. Nc4 Rb8 13. Be2 Ne8 14. 0-0 e5 15. dxe6 fxe6 16. f4 Bd4+ 17. Be3 Qa7 18. Qd3 Rb4 19. Rf3 Nef6 20. Nxd6 Ng4 21. Bxd4 cxd4 22. Nxc8 Rxc8 23. Qxa6 Qxa6 24. Bxa6 Ra8 25. Na2 Rxb2 26. Bc4 Nc5 27. Nc1 Ne3 28. Nd3 Rxg2+ 29. Kh1 Nxd3 30. Bxd3 Rd2 31. Bb5 Kg7 32. a6 Rb2 33. Bd3 Rd2 34. Bb5 Rc2 35. Bd3 Rc3 36. Bb5 Rb8 37. a7 Ra8 38. Rf2 Nc2 39. Ra4 Rc7 40. h3 Ne3 41. Rfa2 Nd1 42. Rxd4 Nc3 43. Rc2 Raxa7 44. Bf1 Ra1 45. Kg2 Ra5 46. Kf3 Rac5 47. Rcd2 e5 48. Rd7+ Rxd7 49. Rxd7+ Kh6 50. Bd3 1/2-1/2

[Event "Guillermo Garcia Memorial-A 07th"]
[Site "Santa Clara"]
[Date "1999.06.06"]
[Round "12"]
[White "Alvarez Perez, Jose"]
[Black "Otero Acosta, Diasmany"]
[Result "1/2-1/2"]
[WhiteElo "2368"]
[BlackElo "2403"]
[PlyCount "20"]
[EventDate "1999.05.??"]
[EventType "tourn"]
[EventRounds "13"]
[EventCountry "CUB"]
[EventCategory "8"]
[SourceTitle "CBM 070 Extra"]
[Source "ChessBase"]
[SourceDate "1999.07.10"]
[SourceVersion "1"]
[SourceVersionDate "1999.07.10"]
[SourceQuality "1"]

1. e4 e5 2. Nf3 Nc6 3. Bb5 Nge7 4. 0-0 g6 5. c3 Bg7 6. d4 exd4 7. cxd4 d5 8. exd5 Nxd5 9. Bxc6+ bxc6 10. h3 0-0 1/2-1/2

[Event "Guillermo Garcia Memorial-A 07th"]
[Site "Santa Clara"]
[Date "1999.06.05"]
[Round "11"]
[White "Paramos Dominguez, Roberto"]
[Black "Alvarez Perez, Jose"]
[Result "1/2-1/2"]
[WhiteElo "2445"]
[BlackElo "2368"]
[PlyCount "61"]
[EventDate "1999.05.??"]
[EventType "tourn"]
[EventRounds "13"]
[EventCountry "CUB"]
[EventCategory "8"]
[SourceTitle "CBM 070 Extra"]
[Source "ChessBase"]
[SourceDate "1999.07.10"]
[SourceVersion "1"]
[SourceVersionDate "1999.07.10"]
[SourceQuality "1"]

1. e4 c5 2. Nf3 e6 3. Nc3 a6 4. d4 cxd4 5. Nxd4 b5 6. Bd3 Qb6 7. Nb3 Qc7 8. 0-0 Bb7 9. Qe2 Nf6 10. f4 b4 11. Nd1 d5 12. e5 Nfd7 13. Be3 Nc6 14. Kh1 Be7 15. Nf2 0-0 16. Qh5 g6 17. Qh6 Rfc8 18. Ng4 Qd8 19. Nd4 Bf8 20. Qh3 h5 21. Nf2 Nxd4 22. Bxd4 Bc5 23. c3 bxc3 24. bxc3 Bxd4 25. cxd4 Rc3 26. g4 hxg4 27. Nxg4 Rac8 28. Rab1 Bc6 29. Rf3 Bb5 30. Nh6+ Kg7 31. Nxf7 1/2-1/2

[Event "Guillermo Garcia Memorial-A 07th"]
[Site "Santa Clara"]
[Date "1999.05.30"]
[Round "6"]
[White "Alvarez Perez, Jose"]
[Black "Sadvakasov, Darmen"]
[Result "1/2-1/2"]
[WhiteElo "2368"]
[BlackElo "2487"]
[PlyCount "48"]
[EventDate "1999.05.??"]
[EventType "tourn"]
[EventRounds "13"]
[EventCountry "CUB"]
[EventCategory "8"]
[SourceTitle "CBM 070 Extra"]
[Source "ChessBase"]
[SourceDate "1999.07.10"]
[SourceVersion "1"]
[SourceVersionDate "1999.07.10"]
[SourceQuality "1"]

1. d4 Nf6 2. c4 e6 3. Nf3 c5 4. d5 exd5 5. cxd5 d6 6. Nc3 g6 7. e4 Bg7 8. h3 0-0 9. Bd3 b5 10. Bxb5 Nxe4 11. Nxe4 Qa5+ 12. Nfd2 Qxb5 13. Nxd6 Qa6 14. N2c4 Rd8 15. Qe2 Nd7 16. 0-0 Ne5 17. Re1 Rxd6 18. Nxe5 Qxe2 19. Rxe2 Ba6 20. Re1 Rxd5 21. Bf4 Rc8 22. b3 f5 23. h4 Bb5 24. Rac1 Bf6 1/2-1/2

[Event "Capablanca Memorial Mixto 34th"]
[Site "Havana"]
[Date "1999.05.22"]
[Round "13"]
[White "Pina Vega, Sulennis"]
[Black "Alvarez Perez, Jose"]
[Result "1/2-1/2"]
[WhiteElo "2241"]
[BlackElo "2368"]
[PlyCount "20"]
[EventDate "1999.05.??"]
[EventType "tourn"]
[EventRounds "13"]
[EventCountry "CUB"]
[EventCategory "1"]
[SourceTitle "CBM 070 Extra"]
[Source "ChessBase"]
[SourceDate "1999.07.10"]
[SourceVersion "1"]
[SourceVersionDate "1999.07.10"]
[SourceQuality "1"]

1. e4 c5 2. Nc3 Nc6 3. d3 g6 4. Be3 d6 5. g3 Bg7 6. Bg2 e6 7. Qd2 Nd4 8. f4 Ne7 9. Nge2 0-0 10. 0-0 b6 1/2-1/2

[Event "Capablanca Memorial Mixto 34th"]
[Site "Havana"]
[Date "1999.05.09"]
[Round "3"]
[White "Alvarez Perez, Jose"]
[Black "Sosa Trani, Luis"]
[Result "1-0"]
[WhiteElo "2368"]
[BlackElo "2254"]
[PlyCount "83"]
[EventDate "1999.05.??"]
[EventType "tourn"]
[EventRounds "13"]
[EventCountry "CUB"]
[EventCategory "1"]
[SourceTitle "CBM 070 Extra"]
[Source "ChessBase"]
[SourceDate "1999.07.10"]
[SourceVersion "1"]
[SourceVersionDate "1999.07.10"]
[SourceQuality "1"]

1. Nf3 Nc6 2. c4 d6 3. Nc3 Bg4 4. d4 Nf6 5. d5 Nb8 6. e4 Nbd7 7. h3 Bxf3 8. Qxf3 g6 9. Qd1 Bg7 10. Bd3 0-0 11. 0-0 c6 12. Re1 Rc8 13. Be3 cxd5 14. exd5 Ne5 15. b3 Nxd3 16. Qxd3 a6 17. Bd4 Re8 18. Re2 Qd7 19. Rae1 b5 20. cxb5 axb5 21. Bxf6 Bxf6 22. Nxb5 Rc5 23. a4 Rec8 24. Qe4 Qb7 25. Rd1 Kg7 26. g3 h5 27. h4 Rc1 28. Red2 R8c5 29. Rxc1 Rxc1+ 30. Kg2 Qc8 31. Qe3 Qf5 32. Qd3 Qe5 33. Rd1 Rc8 34. a5 Qb2 35. a6 Rc2 36. Rf1 Rd2 37. Qc4 Rc2 38. Qd3 Rd2 39. Qe3 Re2 40. Qf3 Rd2 41. a7 Qa2 42. Qe4 1-0